000 00304nam a2200133 i 4500
001 bg
245 0 _aShifftbau :
_bShiffahrt : Taschenlexikon.
_nBd. 1.
250 _aAufl. 2.
260 _aLeipzig,
_c1982.
040 _cBPK
041 _apol
942 _cKS
008 s pl f |000 0 pol
999 _c22742
_d22742
856 _uhttp://koha.tu.koszalin.pl/cgi-bin/koha/opac-detail.pl?biblionumber=22742
_yKatalog online BPK